00482 2200181 4500001002100000008004100021035002000062245005000082100001900132260004100151300001200192020002200204084001600226082000800242650001200250990002000262990001800282INLIS000000000000876 ind  a0010-0724000876 aBencana Alam GeologibGeologicP. Heru Susila aP. Heru Susila aJakarta :bPustaka Tiga Kelanac2009 a60 hlm. a978-602-8535-45-8 a551.3 HER B a551 aGeologi aP29/CP/24/876.1 aP29/CP/24/876